000 00508nam a2200181Ia 4500
005 20250326124024.0
008 250326s9999 xx 000 0 und d
037 _aTextbook
040 _aFMSL
_beng
_cFMSL
041 _aeng
_2eng
084 _aX.44'N73S L5.2
_qFMSL
100 _aDandekar V M
245 0 _aDate base of Indian economy
_cDandekar V M
260 _aHyderabad
_bHyderabad, Statistical
_c1975
300 _a422p
942 _cTB
_hX.44'N73S L5.2
999 _c1271929
_d1271929